Controllers for electric motors: a treatise on the modern motor controller with typical applications to the industries

Uloženo v:
Podrobná bibliografie
Hlavní autoři: Markle, Lewis Edwin (autor), James, Henry Duvall (Autor)
Médium: Kniha
Jazyk:angličtina
Vydáno: Nueva York McGraw-Hill 1952
Vydání:2a. ed
Témata:
Tagy: Přidat tag
Žádné tagy, Buďte první, kdo vytvoří štítek k tomuto záznamu!

MARC

LEADER 00000nam a2200000 a 4500
001 UCU5278
003 CL-VaPUC
008 960531e19520000US |||||||||||||||||eng|d
082 0 4 |a 621.313  |b MAR  |2 21 
100 |a Markle, Lewis Edwin  |e autor  |9 363200 
700 0 |a James, Henry Duvall  |e author  |9 363201 
245 1 0 |a Controllers for electric motors: a treatise on the modern motor controller with typical applications to the industries 
250 |a 2a. ed 
300 |a 430 p 
942 |c BK 
945 |d 19960531 00:00:00  |a paguirre 
260 |a Nueva York  |b McGraw-Hill  |c 1952 
650 0 |a Motores eléctricos   |9 260085 
650 7 |a CONTROL DE SISTEMAS  |2 CL-VaPUC  |9 352951 
650 7 |a MOTORES DE CORRIENTE ALTERNA  |2 CL-VaPUC  |9 361984 
650 7 |a GENERADORES ELECTRICOS  |2 CL-VaPUC  |9 363202 
583 |a last modification  |c 19960531 00:00:00  |k Rodrigo Vera 
999 |c 248693  |d 248691 
952 |0 0  |1 0  |4 0  |6 621_313000000000000_MAR_1952  |7 0  |8 A  |9 265484  |a BIBING  |b BIBING  |d 2019-11-19  |i 1671650  |o 621.313 MAR 1952  |p 1671650  |r 2025-01-20  |w 2019-11-19  |y BK  |k EIE